[Informe del Comisario General de la Sección de Honduras en la Exposición Internacional Panamá- Pacífico, San Francisco, Cal., 1915 / (Record no. 183933)

MARC details
000 -LEADER
campo de control de longitud fija 00788nam a2200181 i 4500
001 - NÚMERO DE CONTROL
campo de control 183933
003 - IDENTIFICADOR DE NÚMERO DE CONTROL
campo de control ES-MaACL
005 - FECHA Y HORA DE LA ÚLTIMA TRANSACCIÓN
campo de control 20230906222015.0
008 - DATOS DE LONGITUD FIJA--INFORMACIÓN GENERAL
campo de control de longitud fija 141202s1915 ho |||| | spa d
080 ## - NÚMERO DE LA CLASIFICACIÓN DECIMAL UNIVERSAL
Número de la Clasificación Decimal Universal 061.4(794 S. Francisco)"1915"
100 1# - ENTRADA PRINCIPAL--NOMBRE DE PERSONA
Nombre de persona Ramíerez Fontecha, Antonio A.
9 (RLIN) 156006
245 11 - MENCIÓN DEL TÍTULO
Título [Informe del Comisario General de la Sección de Honduras en la Exposición Internacional Panamá- Pacífico, San Francisco, Cal., 1915 /
Mención de responsabilidad, etc. Antonio A. Ramírez Fontecha].
260 ## - PUBLICACIÓN, DISTRIBUCIÓN, ETC.
Lugar de publicación, distribución, etc. Tegucigalpa :
Nombre del editor, distribuidor, etc. [s.n.,
Fecha de publicación, distribución, etc. 1915] (
Fabricante Tip. Nac.)
300 ## - DESCRIPCIÓN FÍSICA
Extensión 20 p. ;
Dimensiones 27 cm.
500 ## - NOTA GENERAL
Nota general Autor de final del texto, datos complementados de la B.N.
611 24 - PUNTO DE ACCESO ADICIONAL DE MATERIA--NOMBRE DE REUNIÓN/CONGRESO
Nombre de congreso/reunión o jurisdicción como elemento de entrada Exposición Internacional Panamá-Pacifico.
Fecha del congreso o de la firma del tratado 1915.
Sede del congreso/Lugar de la reunión San Francisco)
9 (RLIN) 156007
852 1# - LOCALIZACIÓN
Ubicación BA
Número de control de estantería T-1440-F-13
condición física .- Ejemplar sin portada
Holdings
Estatus retirado Estado de pérdida Estado de daño No para préstamo Colección Biblioteca de origen Biblioteca actual Ubicación en estantería Fecha de adquisición Fuente de adquisición Total de préstamos Signatura topográfica completa Código de barras Visto por última vez Precio de reemplazo Tipo de ítem Koha
        Colección de folletos Biblioteca del Ateneo de Madrid Biblioteca del Ateneo de Madrid Depósito folletos 02/12/2014     T-1440-F-13 1193410 23/02/2023 23/02/2023 Folleto